01005 a2200193 45000010006000000050017000060080041000230030015000640400040000790800100001192450070002190200022002892640034003113000019003455050306003640410008006701000023006788560110007012531920260407155537.0260407a2011 arg spa dAR-UNSa-BCEJYS aAR-UNSa-BCEJYSbspacAR-UNSa-BCEJYS a174:65xEtica en gestión y organización de la industria (Responsabilidad Social Empresaria)10aEtica y empresapvalores y responsabilidad social en la gestión a978-950-641-594-5 1aBuenos Aires :bGranicac2011 a150 p.c22 cm. a1. La sociedad poscapitalista - 2. La necesidad de una conducción ética - 3. Valores en la toma de decisiones - 4. Responsabilidad social empresaria - 5. Responsabilidad empresaria y medio ambiente - 6. Indicadores de responsabilidad social - 7. La ética en la formación de los administradores aspa1 aGilli, Juan José41uhttps://biblioeco.unsa.edu.ar/pmb/images/libros/?tica y Empresa (2011).jpgyImagen de portadaqimage/jpeg